000
00306nam a22001337a 4500
008
180222b xxu||||| |||| 00| 0 eng d
020
_a
9780582042865
041
_a
eng
080
_a
33
100
_a
52
101
_a
EKO
245
_a
International economic& financial terms
_c
Longman,
942
_2
udc
_c
BK
999
_c
43139
_d
43139